Hovorme spolu po Slovensky Slovenčina ako cudzí jazyk Učebnica B2 /

Saved in:
Bibliographic Details
Main Author: Bortlíková Alica
Format: Book
Language:Slovak
Published: Bratislava Univerzita Komenského v Bratrislave 2021
Edition:3. vyd.
Subjects:
Tags: Add Tag
No Tags, Be the first to tag this record!

MARC

LEADER 00000nam a22000003a 4500
001 0097759
003 SK-STU
005 20221018101834.5
007 ta
008 221018s ----xo-----e------000-0-----d
020 |a 978-80-223-5216-1 
040 |a STU  |b slo 
041 0 |a slo 
100 1 |a Bortlíková Alica 
245 1 0 |a Hovorme spolu po Slovensky  |b Slovenčina ako cudzí jazyk Učebnica B2 /  |c Bortlíková Alica 
250 |a 3. vyd. 
260 |a Bratislava  |b Univerzita Komenského v Bratrislave  |c 2021 
300 |a 103 s. 
650 0 7 |a slovenčina ako cudzí jazyk 
996 |b 284J047044  |c J* 119267  |l JJSK  |s A  |a 24  |w 0097759_0001